<?xml version="1.0" encoding="UTF-8"?><record xmlns="http://www.loc.gov/MARC21/slim" xmlns:zs="http://docs.oasis-open.org/ns/search-ws/sruResponse">
  <leader>03041cas a2200601 i 4500</leader>
  <controlfield tag="001">17869151</controlfield>
  <controlfield tag="008">970909d19091911oruwr ne      0   a0eng c</controlfield>
  <controlfield tag="005">20250630031548.8</controlfield>
  <datafield ind1=" " ind2=" " tag="010">
    <subfield code="a">sn 96088042 </subfield>
  </datafield>
  <datafield ind1="0" ind2=" " tag="022">
    <subfield code="a">2330-7463</subfield>
    <subfield code="2">1</subfield>
  </datafield>
  <datafield ind1=" " ind2=" " tag="035">
    <subfield code="a">(OCoLC)37593473</subfield>
  </datafield>
  <datafield ind1=" " ind2=" " tag="040">
    <subfield code="a">OCN</subfield>
    <subfield code="b">eng</subfield>
    <subfield code="e">rda</subfield>
    <subfield code="c">OCN</subfield>
    <subfield code="d">OCLCQ</subfield>
    <subfield code="d">DLC</subfield>
    <subfield code="d">ORU</subfield>
    <subfield code="d">OCLCF</subfield>
    <subfield code="d">ORU</subfield>
    <subfield code="d">OCLCQ</subfield>
    <subfield code="d">OCLCL</subfield>
    <subfield code="d">ORU</subfield>
    <subfield code="d">OCLCL</subfield>
  </datafield>
  <datafield ind1=" " ind2=" " tag="042">
    <subfield code="a">pcc</subfield>
    <subfield code="a">nsdp</subfield>
  </datafield>
  <datafield ind1=" " ind2=" " tag="043">
    <subfield code="a">n-us-or</subfield>
  </datafield>
  <datafield ind1="0" ind2="0" tag="050">
    <subfield code="a">Newspaper</subfield>
  </datafield>
  <datafield ind1="0" ind2="0" tag="082">
    <subfield code="a">071</subfield>
    <subfield code="2">23</subfield>
    <subfield code="1">https://id.oclc.org/worldcat/ddc/E4dfHGhx3CP9J6H88DhYHkwpGh</subfield>
  </datafield>
  <datafield ind1="0" ind2=" " tag="130">
    <subfield code="a">Wallowa County chieftain (Enterprise, Or.)</subfield>
  </datafield>
  <datafield ind1=" " ind2="0" tag="222">
    <subfield code="a">Wallowa County chieftain</subfield>
    <subfield code="b">(Enterprise, Or. Print)</subfield>
  </datafield>
  <datafield ind1="1" ind2="0" tag="245">
    <subfield code="a">Wallowa County chieftain.</subfield>
  </datafield>
  <datafield ind1="1" ind2="3" tag="246">
    <subfield code="a">Wallowa chieftain</subfield>
  </datafield>
  <datafield ind1=" " ind2="1" tag="264">
    <subfield code="a">Enterprise, Oregon :</subfield>
    <subfield code="b">Enterprise Press,</subfield>
    <subfield code="c">1909-1911.</subfield>
  </datafield>
  <datafield ind1=" " ind2=" " tag="300">
    <subfield code="a">2 volumes :</subfield>
    <subfield code="b">illustrations</subfield>
  </datafield>
  <datafield ind1=" " ind2=" " tag="310">
    <subfield code="a">Weekly</subfield>
  </datafield>
  <datafield ind1=" " ind2=" " tag="336">
    <subfield code="a">text</subfield>
    <subfield code="b">txt</subfield>
    <subfield code="2">rdacontent</subfield>
  </datafield>
  <datafield ind1=" " ind2=" " tag="336">
    <subfield code="a">still image</subfield>
    <subfield code="b">sti</subfield>
    <subfield code="2">rdacontent</subfield>
  </datafield>
  <datafield ind1=" " ind2=" " tag="337">
    <subfield code="a">unmediated</subfield>
    <subfield code="b">n</subfield>
    <subfield code="2">rdamedia</subfield>
  </datafield>
  <datafield ind1=" " ind2=" " tag="338">
    <subfield code="a">volume</subfield>
    <subfield code="b">nc</subfield>
    <subfield code="2">rdacarrier</subfield>
  </datafield>
  <datafield ind1="1" ind2=" " tag="362">
    <subfield code="a">Began with 25th year, no. [21] (January 14, 1909), ceased in 1911.</subfield>
  </datafield>
  <datafield ind1=" " ind2=" " tag="530">
    <subfield code="a">Also issued on microfilm from University of Oregon.</subfield>
  </datafield>
  <datafield ind1=" " ind2=" " tag="530">
    <subfield code="a">Archived issues are available in digital format as part of the Library of Congress Chronicling America online collection.</subfield>
  </datafield>
  <datafield ind1=" " ind2=" " tag="530">
    <subfield code="a">Archived issues are available in digital format as part of the Historic Oregon Newspaper online collection.</subfield>
  </datafield>
  <datafield ind1=" " ind2=" " tag="580">
    <subfield code="a">Merged with: Enterprise news-record, to form: Enterprise record chieftain.</subfield>
  </datafield>
  <datafield ind1="0" ind2=" " tag="588">
    <subfield code="a">Twenty-fifth year, no. [21] (January 14, 1909); title from masthead.</subfield>
  </datafield>
  <datafield ind1="1" ind2=" " tag="588">
    <subfield code="a">Twenty-seventh year, no. 19 (December 29, 1910).</subfield>
  </datafield>
  <datafield ind1=" " ind2="0" tag="651">
    <subfield code="a">Enterprise (Or.)</subfield>
    <subfield code="v">Newspapers.</subfield>
  </datafield>
  <datafield ind1=" " ind2="0" tag="651">
    <subfield code="a">Wallowa County (Or.)</subfield>
    <subfield code="v">Newspapers.</subfield>
  </datafield>
  <datafield ind1=" " ind2="7" tag="651">
    <subfield code="a">Oregon</subfield>
    <subfield code="z">Enterprise.</subfield>
    <subfield code="2">fast</subfield>
    <subfield code="0">(OCoLC)fst01252161</subfield>
    <subfield code="1">https://id.oclc.org/worldcat/entity/E39PBJjhDjpHfGvWDkW4cBh4MP</subfield>
  </datafield>
  <datafield ind1=" " ind2="7" tag="651">
    <subfield code="a">Oregon</subfield>
    <subfield code="z">Wallowa County.</subfield>
    <subfield code="2">fast</subfield>
    <subfield code="0">(OCoLC)fst01227872</subfield>
    <subfield code="1">https://id.oclc.org/worldcat/entity/E39QbtfRF8fBGVkgyyrFhG4PDY</subfield>
  </datafield>
  <datafield ind1=" " ind2="7" tag="655">
    <subfield code="a">Newspapers.</subfield>
    <subfield code="2">fast</subfield>
    <subfield code="0">(OCoLC)fst01423814</subfield>
  </datafield>
  <datafield ind1=" " ind2="7" tag="655">
    <subfield code="a">Serial publications.</subfield>
    <subfield code="2">lcgft</subfield>
  </datafield>
  <datafield ind1=" " ind2="7" tag="655">
    <subfield code="a">Newspapers.</subfield>
    <subfield code="2">lcgft</subfield>
  </datafield>
  <datafield ind1=" " ind2=" " tag="752">
    <subfield code="a">United States</subfield>
    <subfield code="b">Oregon</subfield>
    <subfield code="c">Wallowa</subfield>
    <subfield code="d">Enterprise.</subfield>
  </datafield>
  <datafield ind1="0" ind2="8" tag="776">
    <subfield code="i">Online version:</subfield>
    <subfield code="t">Wallowa County chieftain (Enterprise, Or.)</subfield>
    <subfield code="x">2330-7471</subfield>
    <subfield code="w">(DLC)  2013218948</subfield>
    <subfield code="w">(OCoLC)857144320</subfield>
  </datafield>
  <datafield ind1="0" ind2="0" tag="780">
    <subfield code="t">Wallowa chieftain</subfield>
    <subfield code="x">2330-7374</subfield>
    <subfield code="w">(DLC)sn 94052752</subfield>
    <subfield code="w">(OCoLC)30643488</subfield>
  </datafield>
  <datafield ind1="1" ind2="7" tag="785">
    <subfield code="t">Enterprise news-record</subfield>
    <subfield code="x">2330-7544</subfield>
    <subfield code="w">(DLC)sn 96088044</subfield>
    <subfield code="w">(OCoLC)37593491</subfield>
  </datafield>
  <datafield ind1="1" ind2="7" tag="785">
    <subfield code="t">Enterprise record chieftain</subfield>
    <subfield code="w">(DLC)sn 96088041</subfield>
    <subfield code="w">(OCoLC)37593481</subfield>
  </datafield>
  <datafield ind1="4" ind2="1" tag="859">
    <subfield code="u">http://bibpurl.oclc.org/web/98476</subfield>
    <subfield code="z">View at Historic Oregon Newspapers</subfield>
  </datafield>
  <datafield ind1="4" ind2="1" tag="859">
    <subfield code="u">http://oregonnews.uoregon.edu/lccn/sn96088042/</subfield>
    <subfield code="z">URL at time of PURL creation, August 22, 2024</subfield>
  </datafield>
  <datafield ind1="4" ind2="1" tag="859">
    <subfield code="u">http://chroniclingamerica.loc.gov/lccn/sn96088042/issues</subfield>
    <subfield code="z">View at Chronicling America</subfield>
  </datafield>
  <datafield ind1=" " ind2=" " tag="906">
    <subfield code="a">7</subfield>
    <subfield code="b">cbc</subfield>
    <subfield code="c">serials</subfield>
    <subfield code="d">u</subfield>
    <subfield code="e">ncip</subfield>
    <subfield code="f">19</subfield>
    <subfield code="g">n-oclcserc</subfield>
  </datafield>
  <datafield ind1="0" ind2=" " tag="925">
    <subfield code="a">Acquire</subfield>
    <subfield code="b">1 shelf copy</subfield>
    <subfield code="x">Policy default 2013-08-29</subfield>
  </datafield>
  <datafield ind1=" " ind2=" " tag="955">
    <subfield code="a">sr02 2013-08-29</subfield>
    <subfield code="i">sr02 2013-08-29</subfield>
  </datafield>
  <datafield ind1=" " ind2=" " tag="985">
    <subfield code="a">serpull/chronam</subfield>
    <subfield code="e">ndnp</subfield>
  </datafield>
</record>
